00514nam a2200169Ia 4500003000400000005001700004008004100021020001500062040002900077050002400106100002300130245007900153250001100232260004400243300000900287650004800296OSt20230904091928.0221221s9999 xx 000 0 und d a0237507862 cChuka University Library aLB 2845 b.I57 1983 aPeter Canham (ed.) 0aInspectors handbook: A guide for primary school inspection and supervision a3rd ed aIbadanbEvans brothers publishersc1983 a133p aInspection and supervisionxPrimary schools